000 00296nam a22001337a 4500
008 170715b xxu||||| |||| 00| 0 eng d
020 _a9781577661801
041 _aeng
080 _a572
100 _a24
101 _aANT
245 _aCULTURE AND THE HUMAN BODY
_cBURTON,J.W
942 _2udc
_cBK
999 _c21012
_d21012